| 000 | 01217nam a22002057a 4500 | ||
|---|---|---|---|
| 999 |
_c62020 _d62020 |
||
| 003 | Ge_BSU | ||
| 005 | 20240624122551.0 | ||
| 008 | 240624s1981 ge ||||| |||| 00| 0 geo d | ||
| 041 | _ageo | ||
| 080 | _a615.89(479.22) მ-69 | ||
| 100 |
_aმინდაძე, ნუნუ _922548 |
||
| 245 |
_aქართული ხალხური მედიცინა : _b(აღმოსავლეთ საქართველოს მთიელთა ეთნოგრაფიული მასალების მიხედვით) / _cნუნუ მინდაძე; ივ. ჯავახიშვილის სახ. ისტორიის, არქეოლოგიისა და ეთნოგრაფიის ინ-ტი. |
||
| 264 |
_aთბილისი : _bმეცნიერება, _c1981. |
||
| 300 |
_a152 გვ. : _bილ. ; _c21 სმ. |
||
| 520 | _aრეზ. რუს. და ინგლ. | ||
| 653 | _aქართული ხალხური მედიცინა | ||
| 653 | _aქართველების ეთნოგრაფია | ||
| 700 |
_aჩიტაია, გ. _eრედაქტორი _922549 |
||
| 942 |
_2udc _cBK |
||